[Event "GM"]
[Site "Marianske Lazne CZE"]
[Date "2007.01.23"]
[Round "5"]
[White "Klima,L"]
[Black "Jansa,Vl"]
[Result "1/2-1/2"]
[WhiteElo "2407"]
[BlackElo "2488"]

1.e4 c5 2.Nf3 e6 3.d4 cxd4 4.Nxd4 Nc6 5.Nc3 a6 6.g3 d6 7.Bg2 Bd7 8.O-O Nf6
9.Re1 Be7 10.Nxc6 Bxc6 11.a4 O-O 12.Be3 Qc7 13.a5 Nd7 14.Na4 Rae8 15.Nb6 f5
16.Nxd7 Qxd7 17.c4 fxe4 18.Qc2 d5 19.Red1 Qc8 20.Bh3 dxc4 21.Qxc4 Bf6 22.Rd6 Bd5
23.Qxc8 Rxc8 24.Bxe6+ Bxe6 25.Rxe6 Rc4  1/2-1/2

[Event "SDZ Open"]
[Site "Solin CRO"]
[Date "2007.01.23"]
[Round "4"]
[White "Armanda,I"]
[Black "Bilobrk,F"]
[Result "0-1"]
[WhiteElo "2335"]
[BlackElo "2384"]

1.e4 c5 2.Nf3 e6 3.d4 cxd4 4.Nxd4 Nc6 5.Nc3 Qc7 6.Be3 a6 7.Qd2 Nf6 8.f3 Bb4
9.Nb3 b5 10.O-O-O Ne5 11.Bd4 Bb7 12.Kb1 Be7 13.Qf2 O-O 14.g4 b4 15.g5 Nfg4
16.fxg4 bxc3 17.Bxc3 Bxe4 18.Bg2 Bxg2 19.Qxg2 Nc4 20.Qf3 Bxg5 21.h4 Be7 22.g5 Rac8
23.Rh3 f5 24.Qe2 e5 25.Qd3 d6 26.Qd5+ Kh8 27.g6 h6 28.Nd2 Nb6 29.Qa5 Qc6
30.Qxa6 Ra8 31.Qe2 Nd5 32.Qc4 Qb7 33.Nb3 Nf4 34.Rh2 Nxg6 35.Rg1 Rac8 36.Qf1 Nf4
37.Rf2 Bf6 38.a4 Nd5 39.Bd2 f4 40.Qd3 e4 41.Qh3 e3 42.Rfg2 exd2 43.Rxd2 Ne3
44.Rg6 Qe4 45.Rxf6 gxf6 46.Nd4 f5 47.h5 Rg8 48.Qh4 Rg5 49.Rd3 Nxc2 50.Nf3 Qxd3
51.Nxg5 hxg5 52.Qxg5 Nb4+  0-1

[Event "ch-CUB KO"]
[Site "Santa Clara CUB"]
[Date "2007.01.24"]
[Round "2.1"]
[White "Dominguez,L"]
[Black "Quezada,Y"]
[Result "1-0"]
[WhiteElo "2677"]
[BlackElo "2515"]

1.e4 c5 2.Nf3 e6 3.d4 cxd4 4.Nxd4 Nc6 5.Nc3 a6 6.Nxc6 bxc6 7.Bd3 d5 8.O-O Nf6
9.Qe2 Be7 10.Na4 O-O 11.c4 dxe4 12.Bxe4 Bb7 13.Bf3 Qc7 14.Be3 Nd7 15.Rad1 c5
16.Bxb7 Qxb7 17.Rd2 Qc6 18.Rfd1 Nf6 19.b3 h6 20.f3 Rfc8 21.Rd3 Ra7 22.Qd2 Rcc7
23.Qa5 Kh7 24.Bf4 Rd7 25.Qb6 Qc8 26.Bd6 Bxd6 27.Rxd6 Rac7 28.h3 h5 29.Nc3 Ra7
30.Na4 Rac7 31.Nc3 Ra7 32.Rxd7 Rxd7 33.Rxd7 Nxd7 34.Qd6 Kg8 35.Ne4 h4 36.Qe7 Ne5
37.Qxc5 Nc6 38.Qg5 Nd4 39.Qxh4 Qd7 40.Qg5 Kh8 41.Qe5 Ne2+ 42.Kf2 Nc1 43.Qd6 Qxd6
44.Nxd6 Kg8 45.c5 Nd3+ 46.Ke3 Nxc5 47.Kd4 Nd7 48.Nb7 Kf8 49.Nc5 Nb8 50.Nd3 Ke7
51.Kc5 Nd7+ 52.Kc6 e5 53.Nc5  1-0

[Event "ch-GER"]
[Site "Koenigshofen GER"]
[Date "2007.01.25"]
[Round "7"]
[White "Luther,T"]
[Black "Graf,A"]
[Result "1/2-1/2"]
[WhiteElo "2580"]
[BlackElo "2610"]

1.e4 c5 2.Nf3 e6 3.d4 cxd4 4.Nxd4 Nc6 5.Nc3 a6 6.Nxc6 bxc6 7.Bd3 d5 8.O-O Qc7
9.Qe2 Bb7 10.Bd2 Nf6 11.Rae1 Be7 12.e5 Nd7 13.Qg4 g6 14.Qg3 c5 15.b3 h5 16.h4 Qd8
17.Bg5 Bxg5 18.hxg5 Qa5 19.Ne2 Ke7 20.Nf4 Rag8 21.c4 d4 22.Re2 Qc7 23.Rfe1 a5
24.Qh3 Bc6 25.Qg3 Qd8 26.Qh4 Qa8 27.Qh3 Rg7 28.Be4 Bxe4 29.Rxe4 Rgg8 30.Nd3 Rb8
31.Nb2 Kf8 32.Qh4 Kg7 33.Qf4 h4 34.Kh2 Rh5 35.Kh3 Rbh8 36.Qd2 Qd8 37.Rg4 Qb8
38.Rge4 Qc7 39.R1e2 Nf8 40.Nd3 Nh7 41.f4 Rb8 42.Re1 Nf8 43.Rb1 Nd7 44.Ree1 Rhh8
45.Rh1 a4 46.Kg4 axb3 47.axb3 Ra8 48.Rxh4 Rxh4+ 49.Kxh4 Ra3 50.Kg3 Qb7 51.Qc2 Qa8
52.Nf2 Nb8 53.Rh1 Qb7 54.Rb1 Nc6 55.Ne4 Ne7 56.Nd6 Qa8 57.Qe4 Nf5+ 58.Nxf5+ gxf5
59.Qxa8 Rxa8 60.Rb2 Ra1 61.b4 cxb4 62.Rxb4 d3 63.Rb2 Rd1 64.c5 d2 65.c6 Rc1
66.Rxd2 Rxc6 67.Rd3 Rc1 68.Rf3 Kg6 69.Kh2 Kh5 70.Kg3 Rd1 71.Kh3  1/2-1/2

[Event "IM"]
[Site "Marianske Lazne CZE"]
[Date "2007.01.25"]
[Round "7"]
[White "Stross,F"]
[Black "Vokoun,J"]
[Result "1/2-1/2"]
[WhiteElo "2317"]
[BlackElo "2223"]

1.e4 c5 2.Nc3 e6 3.Nf3 Nc6 4.d4 cxd4 5.Nxd4 Qc7 6.Be3 a6 7.Bd3 b5 8.a3 Bb7
9.Nxc6 Qxc6 10.O-O Nf6 11.Re1 Be7 12.Qf3 O-O 13.Qh3 d6 14.Bd4 e5 15.Nd5 Bd8
16.Bc3 Bc8 17.Nxf6+ Bxf6 18.Qe3 Be6  1/2-1/2

[Event "FINEC GM"]
[Site "St Petersburg RUS"]
[Date "2007.01.25"]
[Round "1"]
[White "Kim,Alex"]
[Black "Klimov,S"]
[Result "0-1"]
[WhiteElo "2457"]
[BlackElo "2498"]

1.e4 c5 2.Nf3 e6 3.d4 cxd4 4.Nxd4 Nc6 5.Nc3 Qc7 6.Be3 Nf6 7.Qd2 Bb4 8.f3 Nxd4
9.Qxd4 Bxc3+ 10.bxc3 O-O 11.Qc5 Qb8 12.Qg5 e5 13.Bd3 Qc7 14.O-O d6 15.Rae1 Be6
16.f4 Nd7 17.f5 f6 18.Qh4 Bxa2 19.Rf3 Rf7 20.Rh3 Nf8 21.Qf2 Qxc3 22.Bf1 Qc6
23.Bxa7 b5 24.Ra3 Bc4 25.Bd3 Bxd3 26.cxd3 Qb7 27.Rea1 b4 28.Ra5 b3 29.Qb2 Rxa7
30.Rxa7 Qb6+ 31.Qf2 Qxf2+  0-1

[Event "ch-SER Qualification"]
[Site "Belgrade SER"]
[Date "2007.01.26"]
[Round "4"]
[White "Bojkovic,N"]
[Black "Rajkovic,Du"]
[Result "0-1"]
[WhiteElo "2397"]
[BlackElo "2511"]

1.e4 c5 2.Nf3 e6 3.d4 cxd4 4.Nxd4 Nc6 5.Nc3 Qc7 6.Be2 a6 7.O-O Nf6 8.Be3 Bb4
9.Na4 Bd6 10.g3 Nxe4 11.Bf3 Nf6 12.Nb6 Rb8 13.Nxc6 bxc6 14.Nc4 Ke7 15.Re1 Rb5
16.a4 Rf5 17.Bb6 Qb8 18.Qd3 g6 19.Rad1 Bb4 20.Qb3 a5 21.Bxa5 c5 22.Bxb4 Qxb4
23.Nd6 Rg5 24.Qe3 h6 25.h4 Qxh4 26.a5 Qb4 27.Qd3 Qxa5 28.Bg2 Qb6 29.Nc4 Qc7
30.Nd6 Qa7 31.Qc3 Rd8 32.b4 Qb6 33.b5 Ne8 34.Ne4 Rf5 35.Bh3 Qxb5 36.Bxf5 gxf5
37.Nd2 d6 38.Qh8 Bb7 39.Qxh6 Qc6 40.f3 Nf6 41.Qf4 Rg8  0-1

[Event "ch-SER Qualification"]
[Site "Belgrade SER"]
[Date "2007.01.26"]
[Round "4"]
[White "Andrijevic,M"]
[Black "Bojovic,D"]
[Result "1/2-1/2"]
[WhiteElo "2347"]
[BlackElo "2218"]

1.e4 c5 2.Nf3 e6 3.d4 cxd4 4.Nxd4 Nc6 5.Nc3 Qc7 6.Be2 a6 7.O-O Nf6 8.Kh1 Nxd4
9.Qxd4 Bc5 10.Qd3 b5 11.f4 Bb7 12.e5 Nd5 13.Nxd5 Bxd5 14.b3 Rc8 15.a4 Qc6
16.Bf3 Bxf3 17.Rxf3 b4 18.Bb2 g6 19.Rd1 Ke7 20.Qd2 Rhd8 21.f5 gxf5 22.Qg5+ Ke8
23.c4 Qe4 24.Rfd3 Qg4 25.Qd2 f4 26.Bd4 a5 27.Qf2 d6 28.h3 Qf5 29.Bxc5 dxc5
30.Rxd8+ Rxd8 31.Rxd8+ Kxd8 32.Qxc5 Qe4 33.Qf8+ Kd7 34.Qxf7+ Kd8 35.Qf8+ Kc7
36.Qd6+ Kb7 37.Qd7+ Ka8 38.Qc8+ Ka7 39.Qc5+ Kb7 40.Qb5+ Kc8 41.Qa6+ Kd7 42.Qd6+ Ke8
43.Qxe6+ Kf8 44.Qc8+ Ke7 45.Qc5+ Ke8 46.Kh2 f3 47.gxf3 Qxf3 48.Qd5 Qf2+ 49.Qg2 Qf4+
50.Qg3 Qd2+ 51.Kg1 Qd1+ 52.Kg2 Qe2+ 53.Qf2 Qxe5 54.Qf3 Ke7 55.Kf2 Qh2+ 56.Ke3 Qb2
57.Qe4+ Kf8 58.Qf5+ Kg8 59.Qd5+ Kf8 60.c5 Qc1+ 61.Ke4 Qe1+ 62.Kf5 Qf1+ 63.Kg4 Qg1+
64.Kh4 Qf2+ 65.Kh5 Qe2+ 66.Kg5 Qe3+ 67.Kh4 Qf2+ 68.Kh5 Qe2+ 69.Kh6 Qe3+ 70.Kxh7 Qxh3+
71.Kg6 Qe6+  1/2-1/2

[Event "Gibtelecom Masters"]
[Site "Catalan Bay ENG"]
[Date "2007.01.27"]
[Round "5"]
[White "Abergel,T"]
[Black "Tredinnick,M"]
[Result "1-0"]
[WhiteElo "2475"]
[BlackElo "2189"]

1.e4 c5 2.Nf3 e6 3.Nc3 Nc6 4.d4 cxd4 5.Nxd4 Qc7 6.Be3 a6 7.Qd2 Nf6 8.O-O-O Bb4
9.f3 Na5 10.a3 Bxc3 11.Qxc3 Qxc3 12.bxc3 d5 13.Nb3 Nxb3+ 14.cxb3 dxe4 15.Bd4 exf3
16.gxf3 O-O 17.Rg1 Nh5 18.Rg5 g6 19.Rxh5 gxh5 20.Bf6 e5 21.Bd3 Re8 22.Rg1+ Bg4
23.Bf5 Kf8 24.fxg4 h4 25.Bd7  1-0

[Event "Gibtelecom Masters"]
[Site "Catalan Bay ENG"]
[Date "2007.01.27"]
[Round "5"]
[White "Malmdin,N"]
[Black "Arakhamia,K"]
[Result "0-1"]
[WhiteElo "2231"]
[BlackElo "2437"]

1.e4 c5 2.Nf3 e6 3.Nc3 Nc6 4.d4 cxd4 5.Nxd4 d6 6.Be3 Nf6 7.Bd3 Be7 8.O-O O-O
9.h3 a6 10.a4 Nxd4 11.Bxd4 b6 12.f4 Bb7 13.Qe2 g6 14.Qf2 Nd7 15.Rad1 Bh4
16.g3 Bf6 17.f5 gxf5 18.exf5 e5 19.Be3 d5 20.Bh6 Re8 21.Be2 d4 22.Nb1 Rc8
23.Na3 Nc5 24.b3 Kh8 25.Bf3 e4 26.Bg2 e3 27.Qe2 Bxg2 28.Kxg2 Ne4 29.Nb1 Qc7
30.Bf4 Qxc2  0-1

[Event "Open"]
[Site "Moscow RUS"]
[Date "2007.01.27"]
[Round "1"]
[White "Demchenko,A"]
[Black "Lelekova,O"]
[Result "1-0"]
[WhiteElo "2427"]
[BlackElo "2184"]

1.e4 c5 2.Nf3 Nc6 3.Nc3 e6 4.d4 cxd4 5.Nxd4 Nf6 6.Be3 Bb4 7.Bd3 d5 8.exd5 Nxd5
9.Nxc6 bxc6 10.Bd2 Qa5 11.O-O Nxc3 12.bxc3 Bxc3 13.Qf3 Bd7 14.Bxc3 Qxc3 15.Rab1 Qc5
16.Rb7 Rd8 17.Rd1 O-O 18.Bf1 Bc8 19.Rxf7 Rxd1 20.Rxf8+ Qxf8 21.Qxd1 Qe7 22.Qh5 g6
23.Qe5 Qg7 24.Qc5 Qc7 25.h4 e5 26.Bc4+ Kg7 27.Bb3 Bf5 28.c3 Be4 29.g4 g5
30.Qe3 Bd5 31.Qxg5+ Kf7 32.c4 Be4 33.Qe3 Bb1 34.c5+ Ke8 35.Ba4 Bxa2 36.Qe4 Be6
37.Bxc6+ Kd8 38.Qd3+ Kc8 39.Qa6+ Kd8 40.Bf3 Ke7 41.c6 Kd8 42.Qd3+ Kc8 43.g5 Qf7
44.Qa6+ Kb8 45.Qb5+ Kc8 46.Qxe5 Qxf3 47.Qxe6+ Kc7 48.Qd7+ Kb6 49.c7  1-0

[Event "Open"]
[Site "Moscow RUS"]
[Date "2007.01.27"]
[Round "1"]
[White "Pletnev,E"]
[Black "Ionov,S"]
[Result "0-1"]
[WhiteElo "2299"]
[BlackElo "2522"]

1.e4 c5 2.Nf3 e6 3.d4 cxd4 4.Nxd4 Nc6 5.Nc3 Qc7 6.Be3 a6 7.Qd2 Nf6 8.f3 b5
9.g4 Bb7 10.Nxc6 Bxc6 11.O-O-O b4 12.Ne2 d5 13.g5 Nd7 14.Nd4 Bb7 15.f4 dxe4
16.f5 e5 17.Nb3 Rd8 18.Rg1 Be7 19.Qf2 a5 20.Bb5 Bc6 21.Bxc6 Qxc6 22.Nxa5 Qa6
23.Rd5 f6 24.g6 hxg6 25.Rxg6 Nf8 26.Rxd8+ Bxd8 27.Rxg7 Qxa5 28.Bc5 Qxa2 29.Qe2 Qd5
30.Bxb4 Nd7 31.Qg2 Nf8 32.Qe2 e3 33.b3 Nd7 34.Qxe3 Qd4 35.Qxd4 exd4 36.Rg4 Bb6
37.h4 Ne5 38.Rg7 Bd8 39.Be1 Be7 40.Bf2 d3 41.c4 Rh5 42.c5 Rxf5 43.Be3 Nc6
44.Kd2 Rd5 45.Rh7 Ne5 46.h5 Bxc5 47.Bxc5 Rxc5 48.h6 Rc2+ 49.Kd1 Ng4  0-1

[Event "Open"]
[Site "Moscow RUS"]
[Date "2007.01.27"]
[Round "1"]
[White "Pasalic,K"]
[Black "Ulko,J"]
[Result "0-1"]
[WhiteElo "2197"]
[BlackElo "2460"]

1.e4 c5 2.Nf3 Nc6 3.Nc3 e6 4.d4 cxd4 5.Nxd4 d6 6.Be3 Nf6 7.Be2 Be7 8.g4 O-O
9.g5 Nd7 10.h4 a6 11.Qd2 Nxd4 12.Qxd4 b5 13.O-O-O Qa5 14.f4 b4 15.Nb1 Bb7
16.h5 Nc5 17.h6 e5 18.fxe5 dxe5 19.Qc4 g6 20.Rhf1 Rac8 21.Bg4 Rc7 22.Rd5 Bxd5
23.Qxd5 Qb5 24.Nd2 Qc6 25.Kb1 Qxd5 26.exd5 Rd8 27.Bxc5 Rxc5 28.Bf3 Kf8 29.b3 Bxg5
30.Ne4 Be7 31.Nxc5 Bxc5 32.Rd1 Ke7 33.Be2 a5 34.Bb5 Kd6 35.Bc6 f5 36.c4 bxc3
37.Kc2 Bd4 38.Kd3 g5 39.a3 g4  0-1

[Event "12th HIT Open A"]
[Site "Nova Gorica SLO"]
[Date "2007.01.27"]
[Round "3"]
[White "Srebrnic,M"]
[Black "Jovanic,O"]
[Result "0-1"]
[WhiteElo "2281"]
[BlackElo "2463"]

1.e4 c5 2.Nf3 e6 3.d4 cxd4 4.Nxd4 Nc6 5.Nc3 Qc7 6.Be3 Nf6 7.Bd3 a6 8.O-O Ne5
9.h3 Bc5 10.Kh1 d6 11.f4 Ng6 12.Qd2 b5 13.a3 Qa7 14.Bg1 O-O 15.Nf3 Bxg1 16.Rxg1 e5
17.fxe5 dxe5 18.Qg5 h6 19.Qg3 Re8 20.Rgf1 Nh5 21.Qh2 Bb7 22.Rae1 Rad8 23.Nd5 Qb8
24.Ne3 Nhf4 25.Nf5 Nxd3 26.cxd3 Rxd3 27.Qg3 Qd8 28.Qg4 Qf6 29.g3 Bc8 30.Rd1 Rxd1
31.Rxd1 Ne7 32.N3h4 Nxf5 33.Nxf5 g6 34.Rf1 Kh7 35.Qh4 Qxh4 36.Nxh4 Kg7 37.g4 Bb7
38.Re1 Rc8 39.Nf3 Kf6 40.Kg2 Rc2+ 41.Kg3 Rxb2 42.Re3 a5 43.Ne1 a4 44.Nd3 Rb3
45.Rf3+ Kg7 46.Nc5 Rxf3+ 47.Kxf3 Bc6 48.Nd3 f6 49.Ke3 h5 50.gxh5 g5 51.Nb4 Be8
52.Nd5 Bxh5 53.Kd3 Bf7 54.Ne7 Be6  0-1

[Event "ch-SER Qualification"]
[Site "Belgrade SER"]
[Date "2007.01.28"]
[Round "6"]
[White "Bojkovic,N"]
[Black "Bojovic,D"]
[Result "1-0"]
[WhiteElo "2397"]
[BlackElo "2218"]

1.e4 c5 2.Nf3 e6 3.d4 cxd4 4.Nxd4 Nc6 5.Nc3 Qc7 6.Be2 a6 7.O-O Nf6 8.Be3 Bb4
9.Na4 Bd6 10.g3 Nxe4 11.Bf3 Nf6 12.Nb6 Rb8 13.Nxc6 bxc6 14.Nc4 Ke7 15.Re1 Rb5
16.a4 Rf5 17.Bb6 Qb8 18.Qd3 g6 19.Rad1 Bc7 20.Qa3+ c5 21.Bxc5+ Kd8 22.Be7+ Ke8
23.Bd6  1-0

[Event "Open"]
[Site "Moscow RUS"]
[Date "2007.01.28"]
[Round "2"]
[White "Sjugirov,S"]
[Black "Andreikin,D"]
[Result "0-1"]
[WhiteElo "2396"]
[BlackElo "2509"]

1.e4 c5 2.Nf3 Nc6 3.Nc3 e6 4.d4 cxd4 5.Nxd4 Qc7 6.Be3 a6 7.Qd2 Nf6 8.f3 Bb4
9.a3 Be7 10.g4 d6 11.g5 Nd7 12.f4 b5 13.Bd3 Bb7 14.Nce2 Nc5 15.Ng3 Na5 16.b4 Nc4
17.Qe2 Na4 18.Bf2 g6 19.O-O e5 20.fxe5 Nc3 21.Qe1 Nxe5 22.Be3 O-O 23.Bf4 Rac8
24.Nf3 f5 25.gxf6 Nxf3+ 26.Rxf3 Bxf6 27.Qf1 Qb6+ 28.Kh1 d5 29.Re1 dxe4 30.Nxe4 Rce8
31.Bh6 Nxe4 32.Rxe4 Rxe4 33.Bxe4 Bxe4  0-1

[Event "ch-CUB Places"]
[Site "Santa Clara CUB"]
[Date "2007.01.28"]
[Round "2"]
[White "De la Paz,F"]
[Black "Quezada,Y"]
[Result "0-1"]
[WhiteElo "2433"]
[BlackElo "2515"]

1.e4 c5 2.Nf3 e6 3.d4 cxd4 4.Nxd4 Nc6 5.Nc3 a6 6.Be3 Nf6 7.Bd3 Qc7 8.O-O b5
9.Nxc6 Qxc6 10.a3 Bb7 11.f3 Bc5 12.Qe1 d6 13.Kh1 O-O 14.Bd2 Nd7 15.a4 b4
16.Na2 a5 17.Bb5 Qc7 18.c3 bxc3 19.Bxc3 Rfd8 20.Nc1 Bb6 21.Nb3 e5 22.Rc1 Nc5
23.Bd2 Bc6 24.Nxc5 dxc5 25.Bxc6 Qxc6 26.Rc4 Qe6 27.b3 Rd3 28.Bc3 Qd6 29.h3 h6
30.Kh2 Kh7 31.Rf2 Rd8 32.Bxa5 Rd1 33.Qc3 Bxa5 34.Qxa5 Qf6 35.f4 Qh4 36.Rf3 Rb1
37.Qxc5 Rdd1 38.g3 Rh1+ 39.Kg2 Qxh3+ 40.Kf2 Qf1+  0-1

[Event "ch-SER Qualification"]
[Site "Belgrade SER"]
[Date "2007.01.29"]
[Round "7"]
[White "Todorovic,GM"]
[Black "Rajkovic,Du"]
[Result "0-1"]
[WhiteElo "2475"]
[BlackElo "2511"]

1.e4 c5 2.Nf3 e6 3.d4 cxd4 4.Nxd4 Nc6 5.Nc3 Qc7 6.Be3 a6 7.Qd2 Nf6 8.O-O-O Be7
9.f3 O-O 10.g4 b5 11.h4 Bb7 12.h5 Rac8 13.g5 b4 14.Na4 Nxd4 15.Bxd4 Nxe4
16.fxe4 Bxg5 17.Bd3 Bxd2+ 18.Rxd2 e5 19.Bb6 Qb8 20.Be3 f5 21.Nc5 d6 22.Nd7 Qc7
23.Nxf8 Rxf8 24.Rg2 Bxe4 25.Bxe4 fxe4 26.Bh6 Rf7 27.Rhg1 d5 28.c3 bxc3 29.b4 d4
30.a4 e3 31.b5 axb5 32.axb5  0-1

[Event "ch-SER Qualification"]
[Site "Belgrade SER"]
[Date "2007.01.29"]
[Round "7"]
[White "Savicevic,V"]
[Black "Andrijevic,M"]
[Result "1-0"]
[WhiteElo "2323"]
[BlackElo "2347"]

1.e4 c5 2.Nf3 Nc6 3.d4 cxd4 4.Nxd4 e6 5.Nc3 Qc7 6.g3 a6 7.Bg2 Nf6 8.Nb3 b5
9.O-O Bb7 10.f4 d6 11.a3 Be7 12.Be3 O-O 13.g4 Rfe8 14.g5 Nd7 15.Rf3 g6 16.Rh3 b4
17.axb4 Nxb4 18.Na5 Bc8 19.Qd2 Rb8 20.Qf2 Bf8 21.f5 Ne5 22.Qh4 h5 23.gxh6 Kh7
24.fxg6+ fxg6 25.Bf4 Nxc2 26.Rf1 Be7 27.Qf2 Ng4 28.Qxc2 Qxa5 29.e5 Qc5+ 30.Kh1 dxe5
31.Be3 Rxb2 32.Rf7+ Kh8 33.Qxg6  1-0

[Event "Gibtelecom Masters"]
[Site "Catalan Bay ENG"]
[Date "2007.01.29"]
[Round "6"]
[White "Carame Gonzalez,F"]
[Black "Thurlow,K"]
[Result "1-0"]
[WhiteElo "1916"]
[BlackElo "2119"]

1.e4 c5 2.Nf3 e6 3.d4 cxd4 4.Nxd4 Nc6 5.Nc3 Nf6 6.Be2 Qc7 7.Be3 a6 8.O-O Be7
9.Kh1 O-O 10.f4 d6 11.Qe1 Bd7 12.Qg3 e5 13.Nb3 Rac8 14.f5 Kh8 15.Rad1 b5
16.a3 b4 17.axb4 Nxb4 18.Rd2 Rb8 19.Nc1 Bc6 20.Bf3 Qb7 21.Bg5 h6 22.Be3 Rfd8
23.Nd3 Nxe4 24.Nxe4 Bxe4 25.Bxe4 Qxe4 26.f6 gxf6 27.Bxh6 Rg8 28.Qh3 Qh7 29.Rf5 Rg5
30.Bxg5 Qxh3 31.gxh3 fxg5  1-0

[Event "Gibtelecom Masters"]
[Site "Catalan Bay ENG"]
[Date "2007.01.29"]
[Round "6"]
[White "Urbina Perez,J"]
[Black "Steel,H"]
[Result "0-1"]
[WhiteElo "2114"]
[BlackElo "2175"]

1.e4 c5 2.Nf3 Nc6 3.d4 cxd4 4.Nxd4 e6 5.Nc3 a6 6.Nxc6 bxc6 7.Bd3 d5 8.O-O Nf6
9.Qf3 Be7 10.Bf4 Bb7 11.e5 Nd7 12.Qg3 g6 13.Na4 Nb6 14.Nxb6 Qxb6 15.Bh6 c5
16.c4 d4 17.Qf4 Qc7 18.Rfe1 a5 19.Be4 Bxe4 20.Qxe4 Rb8 21.Rab1 Bf8 22.Qf4 Bxh6
23.Qxh6 Qe7 24.Qg7 Kd7 25.Qh6 Rb7 26.Qd2 Ra8 27.b3 Qd8 28.Qf4 Ke8 29.Qh6 Rab8
30.Qxh7 a4 31.Qh8+ Kd7 32.Qh3 Qa5 33.Qf3 Ke8 34.Re4 Qc3 35.Qf6 Qd3 36.Rbe1 axb3
37.axb3 Rxb3 38.Rf4 R3b7 39.h3 Qxc4 40.Qh8+ Ke7 41.Qf6+ Ke8 42.Qh8+ Kd7 43.Rxf7+ Kc6
44.Qg7 Rxf7 45.Qxf7 d3 46.Qxg6 Qd5 47.Rd1 c4 48.Qh7 Qxe5 49.Qa7 Rb2 50.Ra1 Rb5
51.Ra6+ Kd5 52.Qd7+ Kc5 53.Rc6+ Kb4 54.Rxe6 Qd5 55.Rd6 Qc5 56.Rc6 Qg5 57.Qd6+ Kb3
58.Ra6 Qc1+ 59.Kh2 d2 60.Qg3+ Kc2 61.Qg6+ Kb2 62.Qf6+ c3 63.Qd6 Rb3  0-1

[Event "Open"]
[Site "Moscow RUS"]
[Date "2007.01.29"]
[Round "3"]
[White "Potapov,P"]
[Black "Gareev,T"]
[Result "0-1"]
[WhiteElo "2380"]
[BlackElo "2551"]

1.e4 c5 2.Nf3 e6 3.d4 cxd4 4.Nxd4 Nc6 5.Nc3 Qc7 6.g3 a6 7.Bg2 d6 8.O-O Be7
9.Re1 Rb8 10.a4 Nf6 11.h3 O-O 12.g4 Re8 13.Nde2 b5 14.axb5 axb5 15.Ng3 Nd7
16.Bf1 b4 17.Nb5 Qb6 18.Be3 Nc5 19.Nxd6 Rd8 20.Nxc8 Rbxc8 21.Qe2 Nd4 22.Bxd4 Rxd4
23.Red1 Rxd1 24.Rxd1 Na4 25.Rd7 Bh4 26.Qf3 Rf8 27.e5 Qc5 28.b3 Nc3 29.Rb7 g6
30.Kg2 Bxg3 31.Qxg3 Qc6+ 32.Qf3 Nd5 33.Ra7 f6 34.Bc4 Qc5 35.Ra6 fxe5 36.Qg3 Nf4+
37.Kf1 Qd4 38.Qe3 Qd1+ 39.Qe1 Qf3 40.Bxe6+ Nxe6 41.Rxe6 Qxh3+  0-1

[Event "Open"]
[Site "Moscow RUS"]
[Date "2007.01.29"]
[Round "3"]
[White "Kruchev,B"]
[Black "Iljin,A"]
[Result "0-1"]
[WhiteElo "2328"]
[BlackElo "2529"]

1.e4 c5 2.Nf3 e6 3.d4 cxd4 4.Nxd4 Nc6 5.Nc3 d6 6.Nb3 Nf6 7.Bd3 Be7 8.O-O O-O
9.f4 a6 10.Kh1 b5 11.Qf3 Bb7 12.Bd2 Qc7 13.Qh3 Nb4 14.Nxb5 axb5 15.Bxb4 Bxe4
16.Bxb5 Nd5 17.Ba3 Bf6 18.Rac1 Bf5 19.Qf3 Nc3 20.Bd3 Nxa2 21.Rcd1 Nc3 22.Ra1 Na4
23.Bxf5 exf5 24.c3 Rab8 25.Qd5 Nxb2 26.Bxd6 Rbd8 27.Bxc7 Rxd5 28.Ba5 Rb8
29.Nd4 Nc4 30.Nc6 Rc8 31.Na7 Re8 32.Bb4 h5 33.Rfe1 Re4 34.g3 Rd2 35.Rad1 h4
36.Nb5 h3 37.Rg1 Ree2 38.Rxd2 Nxd2  0-1

[Event "Open"]
[Site "Moscow RUS"]
[Date "2007.01.29"]
[Round "3"]
[White "Aslanov,S"]
[Black "Gagarin,V"]
[Result "0-1"]
[WhiteElo "2233"]
[BlackElo "2406"]

1.e4 c5 2.Nf3 e6 3.d4 cxd4 4.Nxd4 Nc6 5.Nc3 Qc7 6.g3 a6 7.Bg2 d6 8.O-O Bd7
9.Nde2 Nf6 10.h3 Be7 11.Be3 O-O 12.Qd2 b5 13.g4 Ne5 14.b3 b4 15.Nd1 d5 16.f4 Ng6
17.e5 Ne4 18.Qe1 Bb5 19.Nf2 Bxe2 20.Qxe2 Ng3 21.Qd2 Nxf1 22.Rxf1 Bc5 23.Nd1 Rac8
24.Qf2 d4 25.Bxd4 Bxd4 26.Qxd4 Qxc2 27.f5 Rfd8 28.Ne3 Rxd4 29.Nxc2 Rxc2  0-1

[Event "12th HIT Open A"]
[Site "Nova Gorica SLO"]
[Date "2007.01.29"]
[Round "6"]
[White "Borisek,J"]
[Black "Ivanisevic,I"]
[Result "1/2-1/2"]
[WhiteElo "2518"]
[BlackElo "2602"]

1.e4 c5 2.Nf3 e6 3.d4 cxd4 4.Nxd4 Nc6 5.Nc3 Qc7 6.Be3 a6 7.Qd2 Nf6 8.O-O-O Bb4
9.f3 Ne5 10.Nb3 b5 11.Qe1 Be7 12.f4 Ng6 13.e5 Ng4 14.Ne4 O-O 15.Bc5 Bb7 16.Nd6 Bd5
17.Rxd5 exd5 18.Qd1 Nf6 19.g3 Qc6 20.exf6 Bxd6 21.fxg7 Rfe8 22.Bf2 Rac8 23.Bd3 Bc7
24.Nd4 Qf6 25.Nf5 Bb6 26.Bxb6 Qxb6 27.Qg1 Qxg1+ 28.Rxg1 Rc6 29.Kd2 Ne7 30.Nd4 Rf6
31.a4 bxa4 32.Ra1 Rb8 33.Kc3 Nc6 34.Rxa4 Nxd4 35.Rxd4 Rc6+ 36.Kd2 Rxb2 37.Rxd5 Kxg7
38.Rxd7 Rb1 39.Ke3 Re1+ 40.Kf2 Re8 41.Ra7 Rec8 42.Kf3 R8c7 43.Ra8 Rd6 44.h4 h5
45.Ke3 Re7+ 46.Kf3 Rc7  1/2-1/2

[Event "12th HIT Open A"]
[Site "Nova Gorica SLO"]
[Date "2007.01.29"]
[Round "6"]
[White "Nevednichy,V"]
[Black "Jovanic,O"]
[Result "0-1"]
[WhiteElo "2567"]
[BlackElo "2463"]

1.e4 c5 2.Nf3 e6 3.d4 cxd4 4.Nxd4 Nc6 5.Nc3 Qc7 6.f4 a6 7.Nb3 b5 8.Bd3 Bb7
9.O-O d6 10.Bd2 Nf6 11.Qf3 Be7 12.Kh1 Nd7 13.Qh3 Nc5 14.Rae1 Nxd3 15.cxd3 O-O
16.Ne2 Qd7 17.f5 Bf6 18.Ng3 exf5 19.Nxf5 Kh8 20.Qg3 Be5 21.Bf4 f6 22.d4 Bxf4
23.Qxf4 Rad8 24.d5 Ne5 25.Qg3 Bc8 26.h3 Rde8 27.Qc3 g6 28.Nfd4 Qg7 29.Na5 f5
30.exf5 Bxf5 31.Nac6 Bc8 32.Rxf8+ Rxf8 33.Nxe5 dxe5 34.Nc6 e4 35.Qxg7+ Kxg7
36.Rxe4 Bd7 37.Re7+ Rf7 38.Rxf7+ Kxf7 39.Kh2 Bf5 40.Nd4 Bb1 41.a3 Ke7 42.Ne2 Bd3
43.Nc3 Kd6 44.Kg3 Bc4 45.Kf4 Bxd5 46.g4 Bg2 47.h4 Kc5 48.Nd1 Kd4 49.Ne3 Be4
50.g5 a5 51.Ng4 Bc2 52.Nf6 Kc4 53.Nxh7 Kb3 54.Nf6 Kxb2 55.Ne4 Kxa3 56.h5 gxh5
57.g6 Bb3 58.Nd6 Kb4  0-1

[Event "Open"]
[Site "Moscow RUS"]
[Date "2007.01.30"]
[Round "4"]
[White "Musakaev,E"]
[Black "Obodchuk,A"]
[Result "0-1"]
[WhiteElo "2268"]
[BlackElo "2410"]

1.e4 c5 2.Nf3 e6 3.d4 cxd4 4.Nxd4 Nc6 5.Nc3 Qc7 6.Be2 a6 7.O-O Nf6 8.a3 Nxd4
9.Qxd4 Bc5 10.Qd3 b5 11.b4 Be7 12.Bf3 Rb8 13.Re1 d6 14.Bf4 Nd7 15.a4 bxa4
16.Rxa4 O-O 17.Be2 Ne5 18.Qd2 Bf6 19.Na2 Rb6 20.Bxe5 Bxe5 21.c4 Bb7 22.f4 Bf6
23.Bf1 Rc6 24.Kh1 Rd8 25.Qe3 g6 26.Nc1 d5 27.c5 dxe4 28.Nb3 Qd7 29.b5 axb5
30.Bxb5 Qc8 31.Bxc6 Bxc6 32.Rxe4 Qa8 33.h3 Qa2 34.Nc1 Qc2 35.Kh2 Rd2 36.Qf3 Bh4
37.R1e2 Bxe4 38.Rxd2 Qxd2 39.Qxe4 Qxc1 40.f5 Bf2 41.Qa8+ Kg7 42.f6+ Kh6 43.Qf8+ Kg5
44.h4+ Kg4  0-1

[Event "Open"]
[Site "Moscow RUS"]
[Date "2007.01.30"]
[Round "4"]
[White "Kornev,Alexei"]
[Black "Geller,J"]
[Result "0-1"]
[WhiteElo "2582"]
[BlackElo "2490"]

1.e4 c5 2.Nf3 e6 3.d4 cxd4 4.Nxd4 Nc6 5.Nc3 Qc7 6.Ndb5 Qb8 7.Be3 a6 8.Bb6 axb5
9.Nxb5 Bb4+ 10.c3 Ba5 11.Nc7+ Qxc7 12.Bxc7 Bxc7 13.Qg4 Kf8 14.Bd3 Nf6 15.Qe2 h5
16.O-O g5 17.a4 b6 18.b4 Bb7 19.f3 Ne5 20.Bb5 h4 21.Qe3 h3 22.g3 g4 23.Qg5 Rh5
24.Qxf6 Bd8 25.fxg4 Bxf6 26.gxh5 Bg5 27.Kf2 Ng4+ 28.Ke2 Bxe4 29.Bd3 Bg2 30.Rfb1 Nxh2
31.a5 bxa5 32.bxa5 Ng4 33.a6 h2  0-1

[Event "ch-SER Qualification"]
[Site "Belgrade SER"]
[Date "2007.01.31"]
[Round "9"]
[White "Ravic,N"]
[Black "Bojovic,D"]
[Result "0-1"]
[WhiteElo "2144"]
[BlackElo "2218"]

1.e4 c5 2.Nf3 e6 3.d4 cxd4 4.Nxd4 Nc6 5.Nc3 Qc7 6.Be3 a6 7.Qd2 Nf6 8.O-O-O b5
9.f3 Nxd4 10.Qxd4 Bb7 11.g4 Rc8 12.Qd3 b4 13.Na4 d5 14.e5 Nd7 15.Qb3 Bc6
16.Bxa6 Ra8  0-1

[Event "ch-SER Qualification"]
[Site "Belgrade SER"]
[Date "2007.01.31"]
[Round "9"]
[White "Zivkovic,S"]
[Black "Krstic,P"]
[Result "1/2-1/2"]
[WhiteElo "2313"]
[BlackElo "2280"]

1.e4 c5 2.Nf3 e6 3.d4 cxd4 4.Nxd4 Nc6 5.Nc3 Qc7 6.g3 a6 7.Bg2 d6 8.O-O Bd7
9.a4 Nf6 10.Nb3 Be7 11.f4 Na5 12.Nxa5 Qxa5 13.Be3 Bc6 14.Kh1 h5 15.h3 Rd8
16.Qd4 O-O 17.Rfd1 d5 18.Qb6 Qxb6 19.Bxb6 Rc8 20.exd5 Nxd5 21.Nxd5 Bxd5 22.Bxd5 exd5
23.c3 Bc5 24.Bxc5 Rxc5 25.Kg2 a5 26.Rd4 b5 27.Kf3 Rb8 28.Ra2 Kf8 29.Ke3 Ke7
30.axb5 Rcxb5 31.Rd2 Kd6 32.Kd3 Re8 33.Re2 Rxe2 34.Kxe2 Ke6 35.g4 hxg4 36.hxg4 f6
37.Ke3 g5 38.fxg5 fxg5 39.Kd4 Kd6 40.b3 Ke6 41.Re2+ Kf6 42.Rf2+ Kg6 43.c4 dxc4
44.bxc4 Rb1 45.c5 a4 46.Ke5 a3 47.Rf6+ Kg7 48.Ra6 Ra1 49.Kd6 a2 50.Kc6 Kf7
51.Ra5 Kg7 52.Ra6 Kf7  1/2-1/2

[Event "Gibtelecom Masters"]
[Site "Catalan Bay ENG"]
[Date "2007.01.31"]
[Round "8"]
[White "Eggleston,D"]
[Black "Bellon Lopez,JuM"]
[Result "0-1"]
[WhiteElo "2284"]
[BlackElo "2442"]

1.e4 c5 2.Nf3 e6 3.d4 cxd4 4.Nxd4 Nc6 5.Nc3 Qc7 6.Be3 a6 7.Bd3 Nf6 8.O-O b5
9.Nxc6 dxc6 10.f4 e5 11.h3 Bd6 12.f5 Bb7 13.a4 Qe7 14.Bg5 O-O 15.Ne2 Bc7
16.Ng3 h6 17.Bh4 Bd8 18.axb5 cxb5 19.Kh1 Qb4 20.Bxf6 gxf6 21.Qh5 Kh7 22.Rab1 Rg8
23.Rf3 Rg7 24.Qh4 Qd2 25.Rbf1 Be7 26.R3f2 Qe3 27.Rf3 Qd4 28.Nh5 Rg5 29.c3 Qd7
30.g4 Rd8 31.Qf2 Qc6 32.Bc2 b4 33.Re1 Qb5 34.Qe2 bxc3 35.Rxc3 Qa5 36.Rd3 Rxd3
37.Bxd3 Rg8 38.Rc1 Rd8 39.Rc3 Rd4 40.Kh2 Qd8 41.Rb3 Bxe4 42.Bxe4 Rd2 43.Re3 Rxe2+
44.Rxe2 Qd1 45.Rc2 Qe1 46.Ng3 Bc5 47.Ne2 h5  0-1